LEADER 00932nam a2200217 i 4500 001 000000158875 003 CaOOAMICUS 005 20070214000000.0 008 070214s1981 it u000 u ita u 013 $a136238 040 $aSeMil$bita 100 1 $aPanzeri, Giulio <1932->.$0(OLS)http://semarc/name/33291 245 10$aChristus veritas :$briflessione del Venerd́ Santo /$ctenuta dal sac. prof. Giulio Panzeri, rettore del Collegio arciv. Pio 11. in Desio. 260 $aAlbiate :$b[s.n.],$c1981. 300 $a14 p. ;$c21 cm. 650 4$aSettimana Santa - Venerd́ - Meditazioni.$0(OLS)http://semarc/subject/17072 850 $aSeMil 852 $aSeMil$W1$xVenegono$y1$m5C VI 10/18$j110479$B110479$CSeMilBibl$Z2$F120096 $81 961 $aRecupero: Altro 996 $6245$aChristus veritas :$briflessione del Venerd́ Santo$9(OLS)http://semarc/title/140587 996 $6260$aAlbiate :$b[s.n.]$9(OLS)http://semarc/publisher/30836 LEADER 00511naa a2200133 i 4500 001 000000320681 003 CaOOAMICUS 005 20180831173331.0 008 180831n it u000 u ita u 013 $a30890 040 $aSeMil$bita 245 10$aIdentità, natura, vita :$btre decostruzioni biopolitiche. 773 0 $tFoucault, oggi.$dMilano : Feltrinelli, 2008.$kCampi del sapere$z978-88-07-10437-4$gp.134-149$w()221668 996 $6245$aIdentità, natura, vita :$btre decostruzioni biopolitiche$9(OLS)http://semarc/title/394240